| 000 | 00528nam a22002057a 4500 | ||
|---|---|---|---|
| 003 | OSt | ||
| 005 | 20140310181951.0 | ||
| 008 | 130725t xxu||||| |||| 00| 0 eng d | ||
| 020 | _a0590350072 | ||
| 050 |
_aPZ 7 _b.St859 1997 |
||
| 082 |
_aKF St5gt _bBK 1 1997 |
||
| 100 |
_aStine, R.L. _93762 |
||
| 245 |
_aTriple header / _cStine, R.L. |
||
| 260 |
_aNew York : _bScholastic, _cc1997. |
||
| 541 | _j1 | ||
| 562 | _e1 | ||
| 650 |
_aGhosts _xFiction _94289 |
||
| 650 |
_aHorror stories _93825 |
||
| 942 |
_2lcc _cBK-KF _kKF |
||
| 999 |
_c7862 _d7862 |
||